Straßen beginnend mit M - Moers - Statistiken

Allgemein
  • Dieses Quiz wurde 2 mal gespielt
  • Das Durchschnittsergebnis liegt bei 4 aus 48
Antwortstatistiken
Antwort % Korrekt
Moerser Straße
100%
Markt
50%
Marktstraße
50%
Mittelstraße
50%
Moritzweg
50%
Mozartstraße
50%
Mühlenstraße
50%
Magnolienweg
0%
Maiblumenstraße
0%
Mainstraße
0%
Malmedyer Straße
0%
Malvenstraße
0%
Marc-Aurel-Straße
0%
Marderweg
0%
Maria-Djuk-Straße
0%
Maria-Juchacz-Straße
0%
Marienburger Straße
0%
Marienstraße
0%
Marsweg
0%
Martin-Luther-Ring
0%
Martinstraße
0%
Masurenstraße
0%
Max-Beckmann-Straße
0%
Max-Planck-Straße
0%
Maxstraße
0%
Meerstraße
0%
Meisenweg
0%
Melanchthonstraße
0%
Melissenstraße
0%
Memelstraße
0%
Menzelstraße
0%
Mercatorstraße
0%
Merkurweg
0%
Merlinstraße
0%
Merowingerstraße
0%
Meteorstraße
0%
Mettlacher Straße
0%
Michael-Ende-Ring
0%
Mimosenweg
0%
Moerser Benden
0%
Moerser Heide
0%
Mollbergstraße
0%
Moltkestraße
0%
Mondweg
0%
Moselstraße
0%
Möwenweg
0%
Mühlenfeldstraße
0%
Münchenstraße
0%
Keine übereinstimmenden Quizze gefunden
Verteilung der Resultate
Anzahl Personen mit jedem Resultat
Perzentil nach korrekt beantworteten Fragen
Ihre Resultats-Entwicklung
Sie haben dieses Quiz noch nicht gespielt